Programa URB-AL Xarxa 12 [Recurs electrònic] : promoció de les dones en les instàncies de decisió local / Diputació de Barcelona. Xarxa de Municipis. promoció de les dones en les instàncies de decisió local / Diputació de Barcelona. Xarxa de Municipis.
Descripción Física:
1 disc òptic (CD-ROM) ; 12 cm
MARC
| LEADER | 00000nam a2200000Ia 4500 | ||
|---|---|---|---|
| 001 | 18218 | ||
| 008 | 160829s9999 xx 000 0 cat d | ||
| 080 | |a CD-1-63 | ||
| 110 | 1 | |a Barcelona (Catalunya : Província). |b Diputació |9 52408 | |
| 245 | |a Programa URB-AL Xarxa 12 [Recurs electrònic] : |b promoció de les dones en les instàncies de decisió local / Diputació de Barcelona. Xarxa de Municipis. | ||
| 260 | |a Barcelona: |b Diputació , [2003] | ||
| 300 | |a 1 disc òptic (CD-ROM) ; |c 12 cm | ||
| 590 | |a Format PDF | ||
| 650 | |a Dones en la política |x Barcelona (Província) |9 39225 | ||
| 710 | |a Barcelona (Catalunya : Província). |b Direcció de Serveis de Relacions Internacionals |9 53455 | ||
| 901 | |a Arxiu | ||
| 942 | |n 1 | ||
| 952 | |0 0 |1 0 |4 0 |6 CD163 |7 1 |9 48875 |a Arxiu |b Arxiu |d 2016-12-01 |l 0 |o CD-1-63 |p 18218 |r 2016-12-01 00:00:00 |w 2016-12-01 |y ARXIU | ||
| 999 | |c 52710 |d 52710 | ||